| 000 | 00000nam 2200000zi 4500 |
| 001 | 9.917994 |
| 003 | CaOODSP |
| 005 | 20221205110942 |
| 006 | m o d f |
| 007 | cr |n||||||||| |
| 008 | 221205e20220530onc ob f000 0 fre d |
| 020 | |z9780660345512 |
| 040 | |aCaOODSP|bfre|erda|cCaOODSP |
| 043 | |an-cn--- |
| 086 | 1 |aBT22-224/2-2022F-PDF|zBT22-224/2-2020F-PDF |
| 245 | 00|aGuide sur les paiements à titre gracieux et des versements à titre gratuit. |
| 264 | 1|aOttawa, Ontario : |bSecrétariat du Conseil du Trésor du Canada, |c2022-05-30. |
| 264 | 4|c©2022 |
| 300 | |a1 ressource en ligne (11 pages) |
| 336 | |atexte|btxt|2rdacontent/fre |
| 337 | |ainformatique|bc|2rdamedia/fre |
| 338 | |aressource en ligne|bcr|2rdacarrier/fre |
| 500 | |aPublié aussi en anglais sous le titre : Guide to ex gratia payments and honorariums. |
| 500 | |a« Publié : le 2022-05-30 »--Couverture. |
| 500 | |aLe numéro de catalogue et l'ISBN d'une édition précédente sont imprimés dans cette publication. |
| 504 | |aComprend des références bibliographiques. |
| 520 | |a« Le présent guide a pour but d'aider les ministères à gérer les paiements à titre gracieux et les versements à titre gratuit »--Application, objet et portée. |
| 650 | 6|aDépenses publiques|xPolitique gouvernementale|zCanada. |
| 650 | 6|aFinances publiques|zCanada. |
| 710 | 1 |aCanada. |bConseil du trésor, |eorganisme de publication. |
| 775 | 08|tGuide to ex gratia payments and honorariums.|w(CaOODSP)9.917991 |
| 856 | 40|qPDF|s295 Ko|uhttps://publications.gc.ca/collections/collection_2022/sct-tbs/BT22-224-2-2022-fra.pdf |
| 856 | 4 |qHTML|sS.O.|uhttps://www.tbs-sct.canada.ca/pol/doc-fra.aspx?id=32647 |